000 00493cam a2200145 4500500
005 20260419003351.0
041 _afre
042 _adc
100 1 0 _aLahouati, Gérard
_eauthor
245 0 0 _a« Un Lapon au Sénégal ? » Chamfort lecteur de Levaillant
260 _c2012.
500 _a79
786 0 _nDix-huitième siècle | 44 | 1 | 2012-07-01 | p. 221-235 | 0070-6760
856 4 1 _uhttps://shs.cairn.info/revue-dix-huitieme-siecle-2012-1-page-221?lang=fr&redirect-ssocas=7080
999 _c2214567
_d2214567